Представление документа в формате MARC21

Поле Инд. ПП Название Значение
Тип записи a
Библиографический уровень m
001 Контрольный номер RU/IS/BASE/262111957
005 Дата корректировки 20250904173442.2
020 a ISBN 5-17-006928-6
a ISBN 5-271-02138-6
084 a Индекс другой классификации/Индекс ББК 28.01я20; 28.02я20; 28.1я20
090 a Полочн. индекс 28.01я20
x Авторский знак И 907
245 10 a Заглавие История жизни на Земле
c Ответственность перевод с французского З. Федотовой
260 a Место издания Москва
b Издательство Астрель
260 a Место издания Москва
b Издательство АСТ
c Дата издания 2001
300 a Объем 96 с.
b Иллюстрации/ тип воспроизводства ил.
336 a Термин вида содержания Текст
337 a Термин типа средства непосредственный
440 _0 a Серия Энциклопедия для юношества
504 a Библиография Указ.: с. 94
650 04 a Основная рубрика биология
653 0_ a Ключевые слова австралопитеки
a Ключевые слова беспозвоночные
a Ключевые слова динозавры
a Ключевые слова животные
a Ключевые слова живые организмы
a Ключевые слова жизнь
a Ключевые слова земноводные (амфибии)
a Ключевые слова ископаемые
a Ключевые слова млекопитающие
a Ключевые слова насекомые
a Ключевые слова пресмыкающиеся (рептилии)
a Ключевые слова происхождение жизни
a Ключевые слова птицы
a Ключевые слова растения
a Ключевые слова рыбы
a Ключевые слова цветковые растения
a Ключевые слова человек
a Ключевые слова эволюционная теория
a Ключевые слова эволюция
655 a Жанр/ форма (устаревшее) справочное издание; энциклопедия
700 12 a Автор Федотова З.
e Роль лиц переводчик
720 a Наименование подборки Животные (насекомые)
900 a Имя электронного ресурса obl_IGnZ
x Справочная информация Обложка
901 t Тип документа m
952 a Тип литературы для КСУ ВШ ЭНЦ